[Event "Capablanca Memorial op 53rd"]
[Site "Havana"]
[Date "2018.05.11"]
[Round "3"]
[White "Lopez Gari, Osvaldo"]
[Black "Hernandez Sotelo, Jose I"]
[Result "1/2-1/2"]
[WhiteElo "2339"]
[BlackElo "2182"]
[PlyCount "70"]
[EventDate "2018.05.09"]
[EventType "swiss"]
[EventRounds "10"]
[EventCountry "CUB"]
[SourceTitle "EXT 2019"]
[Source "ChessBase"]
[SourceDate "2018.10.10"]
[SourceVersion "1"]
[SourceVersionDate "2018.10.10"]
[SourceQuality "1"]

1. c4 c5 2. Nc3 Nc6 3. g3 g6 4. Bg2 Bg7 5. d3 Nf6 6. e3 d6 7. Nge2 0-0 8. 0-0 Bg4 9. h3 Bd7 10. a3 a5 11. Rb1 Rb8 12. Nb5 Ne8 13. Bd2 Nc7 14. Bc3 Nxb5 15. cxb5 Na7 16. a4 Nc8 17. d4 cxd4 18. Nxd4 Qb6 19. Qd2 Ra8 20. Rbc1 d5 21. Nb3 Bxc3 22. Rxc3 Be6 23. h4 Rd8 24. Nc5 Nd6 25. Qd4 Nf5 26. Qe5 Qd6 27. Qxd6 Nxd6 28. Rd1 Rab8 29. Rcc1 Rbc8 30. Bxd5 Bxd5 31. Rxd5 b6 32. Nb3 Rxc1+ 33. Nxc1 Rc8 34. Nb3 Rc2 35. Rd2 Rc4 1/2-1/2

[Event "Guillermo Garcia Memorial op 26th"]
[Site "Santa Clara"]
[Date "2017.05.20"]
[Round "5"]
[White "Lopez Gari, Osvaldo"]
[Black "Lemus Morales, Diego Enrique"]
[Result "1-0"]
[WhiteElo "2278"]
[BlackElo "1883"]
[PlyCount "101"]
[EventDate "2017.05.16"]
[EventType "swiss"]
[EventRounds "9"]
[EventCountry "CUB"]
[SourceTitle "CBM 178 Extra"]
[Source "ChessBase"]
[SourceDate "2017.06.22"]
[SourceVersion "1"]
[SourceVersionDate "2017.06.22"]
[SourceQuality "1"]

1. c4 Nf6 2. Nc3 c5 3. g3 d6 4. Bg2 e5 5. e3 Nc6 6. Nge2 g6 7. 0-0 Bg7 8. d4 exd4 9. exd4 0-0 10. dxc5 dxc5 11. Be3 Qe7 12. Nf4 Bg4 13. Qa4 Nd4 14. h3 Bd7 15. Qd1 Ne6 16. Re1 Rfd8 17. Nfd5 Qf8 18. Re2 Nxd5 19. Nxd5 Bc6 20. Rd2 Nd4 21. Qf1 Bxd5 22. cxd5 Bh6 23. Bxh6 Qxh6 24. Rad1 a5 25. Qc4 Qf8 26. Re1 Qd6 27. Rd3 b5 28. Qc1 Re8 29. Rde3 Rxe3 30. Qxe3 Nf5 31. Qe4 b4 32. g4 Nd4 33. Qe7 Rd8 34. Qxd6 Rxd6 35. Re8+ Kg7 36. Rc8 b3 37. a3 Ne2+ 38. Kf1 Nf4 39. Rxc5 Nd3 40. Rc3 Nxb2 41. Rxb3 Nc4 42. Rc3 Nb6 43. Rc5 a4 44. Ke2 Kf6 45. Ke3 Ke7 46. Kd4 Rf6 47. Ke3 Kd7 48. g5 Rd6 49. Kd4 f6 50. h4 Nc8 51. gxf6 1-0

[Event "Capablanca Memorial op-A 48th"]
[Site "Havana"]
[Date "2013.05.01"]
[Round "10"]
[White "Perez Garcia, Rodney Oscar"]
[Black "Lopez Gari, Osvaldo"]
[Result "1/2-1/2"]
[WhiteElo "2385"]
[BlackElo "2291"]
[PlyCount "20"]
[EventDate "2013.04.21"]
[EventType "swiss"]
[EventRounds "10"]
[EventCountry "CUB"]
[SourceTitle "CBM 154 Extra"]
[Source "ChessBase"]
[SourceDate "2013.06.25"]
[SourceVersion "2"]
[SourceVersionDate "2013.06.25"]
[SourceQuality "1"]

1. e4 e6 2. d4 d5 3. Nc3 Nf6 4. Bg5 Be7 5. e5 Nfd7 6. Bxe7 Qxe7 7. f4 a6 8. Nf3 c5 9. Qd2 Nc6 10. dxc5 Qxc5 1/2-1/2

[Event "Capablanca Memorial op-A 48th"]
[Site "Havana"]
[Date "2013.04.28"]
[Round "7"]
[White "Lopez Gari, Osvaldo"]
[Black "Vargas, Gabriela"]
[Result "1/2-1/2"]
[WhiteElo "2291"]
[BlackElo "2056"]
[PlyCount "86"]
[EventDate "2013.04.21"]
[EventType "swiss"]
[EventRounds "10"]
[EventCountry "CUB"]
[SourceTitle "CBM 154 Extra"]
[Source "ChessBase"]
[SourceDate "2013.06.25"]
[SourceVersion "2"]
[SourceVersionDate "2013.06.25"]
[SourceQuality "1"]

1. d4 d5 2. Nf3 Nf6 3. e3 Bf5 4. c4 c6 5. cxd5 cxd5 6. Nc3 e6 7. Qb3 Qb6 8. Bb5+ Nc6 9. Ne5 Rc8 10. Bd2 Bd6 11. Na4 Qd8 12. Rc1 0-0 13. Bxc6 bxc6 14. Nc5 Bxc5 15. dxc5 Ne4 16. Nf3 Bg4 17. Qc2 Qf6 18. Bc3 Nxc3 19. Qxc3 Qxc3+ 20. Rxc3 Bxf3 21. gxf3 Rb8 22. b3 e5 23. e4 dxe4 24. fxe4 Rb4 25. f3 Rd8 26. Ke2 Rbd4 27. Rc2 g6 28. Rb1 f5 29. exf5 gxf5 30. b4 a6 31. a4 Rh4 32. Ke3 Rdd4 33. Rg2+ Kf7 34. b5 axb5 35. axb5 cxb5 36. Rxb5 Rb4 37. Rxb4 Rxb4 38. Rc2 Rb3+ 39. Kf2 Ke6 40. c6 Rb8 41. c7 Rc8 42. f4 exf4 43. Kf3 Kd7 1/2-1/2

[Event "Capablanca Memorial op-A 48th"]
[Site "Havana"]
[Date "2013.04.22"]
[Round "2"]
[White "Delgado Ramos, Hector"]
[Black "Lopez Gari, Osvaldo"]
[Result "1-0"]
[WhiteElo "2455"]
[BlackElo "2291"]
[PlyCount "59"]
[EventDate "2013.04.21"]
[EventType "swiss"]
[EventRounds "10"]
[EventCountry "CUB"]
[SourceTitle "CBM 154 Extra"]
[Source "ChessBase"]
[SourceDate "2013.06.25"]
[SourceVersion "2"]
[SourceVersionDate "2013.06.25"]
[SourceQuality "1"]

1. d4 d5 2. c4 e6 3. Nc3 Nf6 4. Bg5 Be7 5. Nf3 0-0 6. e3 h6 7. Bh4 b6 8. Rc1 Bb7 9. Bxf6 Bxf6 10. cxd5 exd5 11. b4 c6 12. Bd3 Be7 13. b5 c5 14. Bb1 Nd7 15. dxc5 Nxc5 16. 0-0 Bf6 17. Nd4 Re8 18. Qg4 Re5 19. Rfd1 h5 20. Qf3 Qc7 21. Nce2 Be7 22. Nf4 g6 23. Nd3 Rg5 24. Nb4 Bf8 25. Qf4 Re5 26. Nbc6 Bxc6 27. Nxc6 Bd6 28. Nxe5 Bxe5 29. Qf3 Bxh2+ 30. Kh1 1-0

[Event "Havana Province-ch sf Fase 1"]
[Site "Havana"]
[Date "2010.05.10"]
[Round "4"]
[White "Lopez Gari, Osvaldo"]
[Black "Fernandez Guillen, Ernesto J"]
[Result "0-1"]
[WhiteElo "2147"]
[BlackElo "2214"]
[PlyCount "78"]
[EventDate "2010.05.05"]
[EventType "swiss"]
[EventRounds "9"]
[EventCountry "CUB"]
[EventCategory "1"]
[SourceTitle "EXT 2019"]
[Source "ChessBase"]
[SourceDate "2018.10.10"]
[SourceVersion "1"]
[SourceVersionDate "2018.10.10"]
[SourceQuality "1"]

1. Nf3 Nf6 2. c4 d6 3. g3 g6 4. Bg2 Bg7 5. Nc3 0-0 6. 0-0 e5 7. d3 Nc6 8. Rb1 Ne7 9. b4 Ne8 10. d4 Be6 11. d5 Bd7 12. e4 f5 13. c5 h6 14. Ne1 f4 15. Nd3 g5 16. g4 Nf6 17. f3 h5 18. h3 Ng6 19. Bd2 Nh4 20. Be1 Nxg2 21. Kxg2 Qc8 22. Nf2 Kf7 23. c6 bxc6 24. dxc6 Be6 25. Nd5 hxg4 26. hxg4 Rh8 27. Rh1 Rxh1 28. Kxh1 Bxd5 29. exd5 Qa6 30. Qd3 Rh8+ 31. Kg1 Qxd3 32. Nxd3 Nxd5 33. b5 Nb6 34. a4 d5 35. a5 Nc4 36. Nb4 Ke6 37. Na6 e4 38. Nxc7+ Kd6 39. Na6 Bd4+ 0-1